000 00299nam a22001337a 4500
008 170927b xxu||||| |||| 00| 0 eng d
020 _a9780205319596
041 _aeng
080 _a37
100 _a46
101 _aEDU
245 _aDEVELOPING PRESENTATION SKILLS
_cSCHMALZ, K
942 _2udc
_cBK
999 _c30151
_d30151